000
00329nam a22001217a 4500
999
_c
1214
_d
1214
005
20200826115055.0
008
200826b ||||| |||| 00| 0 eng d
020
_a
0582550815
040
_c
CML
245
_a
Teaching Oral English.
_c
Byrne, D.
260
_a
London
_b
Longman
_c
1976
942
_2
ddc
_c
BK
_h
428.07
_m
BYR